Normal view
MARC view
Entry Personal Name
001 - CONTROL NUMBER
- control field: 1019
003 - CONTROL NUMBER IDENTIFIER
- control field: BD-RjUL
005 - DATE AND TIME OF LATEST TRANSACTION
- control field: 20220131112545.0
008 - FIXED-LENGTH DATA ELEMENTS
- fixed length control field: 220131|| aca||aabn | a|a d
040 ## - CATALOGING SOURCE
- Original cataloging agency: BD-RjUL
- Transcribing agency: BD-RjUL
100 ## - HEADING--PERSONAL NAME
- Personal name: Muhammad
- Dates associated with a name: --632
- General subdivision: Biography
- General subdivision: Criticism and explanation
670 ## - SOURCE DATA FOUND
- Source citation: Work cat.: (BD-RjUL)79290: রহমান, এ. কে. এম. মুস্তাফিজুর 1017, রাসূলুল্লাহ্ (সা:) এর খূতবা সমূহ : , ২০১৪